000 00530cam a2200169 i 4500
020 _a0408003030 :
082 0 0 _a624.1
_bMAJ
_cL-20, P-132
100 1 _aMajid, K. I.
_942329
245 1 0 _aTheory of structures with matrix notation /
_cK. I. Majid.
260 _aLondon ;
_aBoston :
_bNewnes-Butterworths,
_c1978.
300 _aix, 356 p. :
_bill. ;
_c24 cm.
500 _aIncludes index.
526 _a0
_b0
_c0
_d624_100000000000000_MAJ
650 0 _aMCE
_9379
650 0 _aStructural analysis (Engineering)
_9654
942 _2ddc
_cBK
999 _c546240
_d546240